000 007780000a22002530004500
090 _aAR
_b04534
100 1 _aMorin, L.
_998538
700 1 _aReid, A.M.
_998539
700 1 _aSims Chilton, N.M.
_998540
700 1 _aBuckley, Y.M.
_998541
700 1 _aDhileepan, K.
_998542
700 1 _aHastwell, G.T.
_998543
700 1 _aNordblom, T.L.
_998544
700 1 _aRaghu, S.
_998545
245 1 0 _aReview of approaches to evaluate the effectiveness of weed biological control agents
041 0 _aInglés
650 1 4 _aControl biológico
_992696
650 1 4 _aPlantas invasoras
_998546
650 1 4 _aMalezas
_9731
650 1 4 _aAnálisis costo beneficio
_996899
650 1 4 _aMonitoreo biológico
_93265
942 _cARTICULO
773 1 _tBiological control
_q1-15
_d2009
_g51
999 _c13634
_d13634